| 000 | 00679nam a2200217 i 4500 | ||
|---|---|---|---|
| 001 | 31726 | ||
| 003 | ES-MaACL | ||
| 007 | t| | ||
| 008 | 030130s1953 sp ||||1| spa d | ||
| 100 | 1 |
_aBaum, Vicki. _926577 |
|
| 245 | 1 | 0 |
_aRetorno al amanecer / _cVicki Baum ; [traducción del inglés por Ricardo Benedetti]. |
| 250 | _a[1ª ed.]. | ||
| 260 |
_aBarcelona : _bPlaneta, _c[1953] ( _fAleu y Domingo) |
||
| 300 |
_a177 p. ; _c19 cm. |
||
| 490 | 1 | _aGoliat | |
| 505 | 8 | _aContiene: El número sensacional. La maravilla. Amor de artista | |
| 700 | 1 |
_aBenedetti, Ricardo. _927494 |
|
| 830 | 0 |
_aGoliat _9181396 |
|
| 852 |
_aES-MaACL _jC-6047 _bR.35210 |
||
| 999 |
_c31726 _d31726 |
||